Statistics for Random NBA Players Colleges

Click here to take the quiz!

General Stats

  • This quiz has been taken 51 times
  • The average score is 9 of 15

Answer Stats

HintAnswer% Correct
J.J. ReddickDuke
100%
Grayson AllenDuke
100%
Kemba WalkerUconn
89%
Ja MorantMurray State
78%
Domantas SabonisGonzaga
61%
CJ MccollumLehigh
61%
Romeo LangfordIndiana
57%
Evan TurnerOhio state
52%
Khris MiddletonTexas a&m
50%
O.J. MayoUSC
50%
Dion WaitersSyracuse
39%
Shane LarkinMiami
35%
Terrance MannFlorida State
33%
Luke HarangodyNotre Dame
28%
Diamond StoneMaryland
24%

Score Distribution

Percentile by Number Answered

Percent of People with Each Score

Your Score History

You have not taken this quiz